| 000 | 00999nam a2200313Ia 4500 | ||
|---|---|---|---|
| 001 | Para_5940 | ||
| 003 | CHAP | ||
| 008 | 220125s1983 xx 000 0 und d | ||
| 010 | _a204401 | ||
| 040 | _cCHAP | ||
| 090 | _aPA TESIS 223 | ||
| 100 |
_aOrozco Santos, Mario _983702 |
||
| 245 |
_aEfecto de fungicidas en el control de la caida prematura de fruto pequeño causada por Colletotrichum glolosporioides (Penz) en naranja 'Valencia' / _c por Mario Orozco Santos |
||
| 260 |
_aCd. Delicias, Chih. : _b el autor |
||
| 300 | _a50 h. | ||
| 502 | _aTesis (Ing. Agr.) UACh. (Chih.) Fitotecnia | ||
| 650 |
_aAspersión _98123 |
||
| 650 |
_aColletotrichum gloeosporioides _925254 |
||
| 650 |
_aFungicidas _944044 |
||
| 650 |
_aHongos fitopatógenos _956132 |
||
| 710 |
_aUACh. (Chih.) _9170106 |
||
| 901 | _aPA TESIS 223 | ||
| 902 | _aA | ||
| 905 | _a0000001983 0000000000 00 | ||
| 910 | _a1983 | ||
| 942 | _cPARA | ||
| 942 |
_cPARA _d1 |
||
| 999 |
_c204401 _d204401 |
||